[Event "IND-ch U17 20th"]
[Site "Chakradharpur"]
[Date "2009.10.12"]
[Round "9"]
[White "Aravindh, Chithambaram VR"]
[Black "Eshwanth Dev, Kumar J"]
[Result "1/2-1/2"]
[WhiteElo "1821"]
[BlackElo "1908"]
[PlyCount "93"]
[EventDate "2009.10.07"]
[EventType "swiss"]
[EventRounds "11"]
[EventCountry "IND"]
[SourceTitle "CBM 132 Extra"]
[Source "ChessBase"]
[SourceDate "2009.11.03"]
[SourceVersion "1"]
[SourceVersionDate "2009.11.03"]
[SourceQuality "1"]

1. e4 c5 2. Nf3 d6 3. d4 cxd4 4. Nxd4 Nf6 5. Nc3 e6 6. Be3 a6 7. f3 b5 8. a3 Bb7 9. Qd2 Nbd7 10. 0-0-0 Be7 11. g4 h6 12. h4 Rc8 13. Be2 Nb6 14. g5 Ng8 15. Rhg1 hxg5 16. hxg5 Rh2 17. Qe1 g6 18. Qg3 Rh7 19. Qf2 Nc4 20. Bxc4 Rxc4 21. Nb3 Rh5 22. f4 Qa8 23. Na5 Rc8 24. Nxb7 Qxb7 25. Rh1 Rxh1 26. Rxh1 a5 27. Qe2 b4 28. axb4 axb4 29. Qb5+ Qxb5 30. Nxb5 Rc4 31. Bd4 e5 32. fxe5 dxe5 33. Bxe5 Rxe4 34. Bf6 Kd7 35. Rd1+ Kc6 36. Nd4+ Kb6 37. Bxe7 Nxe7 38. Nf3 Rf4 39. Rd6+ Kc5 40. Rf6 Rxf6 41. gxf6 Nd5 42. Ng5 Nxf6 43. Nxf7 Kd5 44. Kd2 Ne4+ 45. Kd3 g5 46. Nxg5 Nxg5 47. c3 1/2-1/2

[Event "IND-ch U17 20th"]
[Site "Chakradharpur"]
[Date "2009.10.11"]
[Round "7"]
[White "Deepak, Katiyar"]
[Black "Eshwanth Dev, Kumar J"]
[Result "1-0"]
[WhiteElo "2145"]
[BlackElo "1908"]
[PlyCount "91"]
[EventDate "2009.10.07"]
[EventType "swiss"]
[EventRounds "11"]
[EventCountry "IND"]
[SourceTitle "CBM 132 Extra"]
[Source "ChessBase"]
[SourceDate "2009.11.03"]
[SourceVersion "1"]
[SourceVersionDate "2009.11.03"]
[SourceQuality "1"]

1. e4 c5 2. Nf3 d6 3. d4 cxd4 4. Nxd4 Nf6 5. Nc3 a6 6. Bg5 h6 7. Bh4 e6 8. f4 Be7 9. Qf3 Nbd7 10. 0-0-0 Qc7 11. g4 g5 12. fxg5 Ne5 13. Qg3 Nfxg4 14. gxh6 Bxh4 15. Qxh4 Rxh6 16. Qg3 Bd7 17. Be2 Rg6 18. h4 0-0-0 19. h5 Rgg8 20. Qf4 Rdf8 21. Rhg1 f5 22. exf5 exf5 23. Nd5 Qd8 24. Kb1 Kb8 25. Qg3 Nf6 26. Qb3 Rxg1 27. Rxg1 Ne4 28. Ka1 Rg8 29. Qe3 Rxg1+ 30. Qxg1 Nf6 31. Nf4 Nfg4 32. Qg3 Qg5 33. a3 Qf6 34. Qb3 Ka7 35. Nd5 Qd8 36. Qb4 Bc8 37. c4 Nc6 38. Qc3 Nge5 39. Qe3 Kb8 40. Nxc6+ bxc6 41. Nb4 Bb7 42. c5 a5 43. Nc2 Qf6 44. cxd6 Qxd6 45. h6 Nf7 46. Qe8+ 1-0

[Event "IND-ch U17 20th"]
[Site "Chakradharpur"]
[Date "2009.10.08"]
[Round "2"]
[White "Eshwanth Dev, Kumar J"]
[Black "Kulkarni, Rakesh"]
[Result "1-0"]
[WhiteElo "1908"]
[BlackElo "2232"]
[PlyCount "65"]
[EventDate "2009.10.07"]
[EventType "swiss"]
[EventRounds "11"]
[EventCountry "IND"]
[SourceTitle "CBM 132 Extra"]
[Source "ChessBase"]
[SourceDate "2009.11.03"]
[SourceVersion "1"]
[SourceVersionDate "2009.11.03"]
[SourceQuality "1"]

1. e4 c5 2. Nf3 e6 3. d4 cxd4 4. Nxd4 a6 5. Nc3 Qc7 6. a3 Nf6 7. Be3 b5 8. Bd3 b4 9. axb4 Bxb4 10. 0-0 Bb7 11. f3 Bxc3 12. bxc3 d5 13. Qe1 0-0 14. Bf2 Nbd7 15. Rb1 dxe4 16. fxe4 Ne5 17. Bg3 Nfd7 18. Nf3 Rab8 19. Kh1 f6 20. Nxe5 Nxe5 21. Bxe5 Qxe5 22. Qe2 a5 23. Rb5 Qxc3 24. Bc4 Ba8 25. Bxe6+ Kh8 26. Rh5 g6 27. Rh4 Rbe8 28. Qg4 Re7 29. Qxg6 Rg7 30. Qh6 f5 31. Rg4 Rfg8 32. Bxg8 Rxg4 33. Qxh7# 1-0

[Event "Asia-ch U20"]
[Site "Chennai"]
[Date "2008.12.07"]
[Round "2"]
[White "Eshwanth Dev, Kumar J"]
[Black "Prasanna Raghuram, Rao"]
[Result "1/2-1/2"]
[WhiteElo "1829"]
[BlackElo "2311"]
[PlyCount "74"]
[EventDate "2008.12.05"]
[EventType "swiss"]
[EventRounds "9"]
[EventCountry "IND"]
[SourceTitle "CBM 127 Extra"]
[Source "ChessBase"]
[SourceDate "2009.01.08"]
[SourceVersion "2"]
[SourceVersionDate "2009.01.28"]
[SourceQuality "1"]

1. e4 e5 2. Nf3 Nc6 3. Bb5 a6 4. Ba4 Nf6 5. 0-0 Be7 6. Re1 b5 7. Bb3 0-0 8. c3 d5 9. exd5 Nxd5 10. Nxe5 Nxe5 11. Rxe5 c6 12. d4 Bd6 13. Re1 Qh4 14. g3 Qh3 15. Be3 Bg4 16. Qd3 Rae8 17. Nd2 Qh5 18. a4 Re6 19. axb5 axb5 20. Bxd5 Qxd5 21. Qf1 Rfe8 22. h3 Bf5 23. Qg2 Be4 24. Nxe4 Rxe4 25. Bd2 f5 26. Rxe4 fxe4 27. Re1 Re6 28. b4 Qa2 29. Be3 Qc4 30. Rc1 Qd5 31. h4 h6 32. Qh3 Rf6 33. Qg4 h5 34. Qg5 Rf5 35. Qg6 Rf6 36. Qg5 Rf5 37. Qg6 Rf6 1/2-1/2

[Event "Commonwealth-ch"]
[Site "Nagpur"]
[Date "2008.10.03"]
[Round "8"]
[White "Gagare, Shalmali"]
[Black "Eshwanth Dev, Kumar J"]
[Result "1-0"]
[WhiteElo "2092"]
[BlackElo "1826"]
[PlyCount "53"]
[EventDate "2008.09.28"]
[EventType "swiss"]
[EventRounds "11"]
[EventCountry "IND"]
[SourceTitle "CBM 126 Extra"]
[Source "ChessBase"]
[SourceDate "2008.11.05"]
[SourceVersion "1"]
[SourceVersionDate "2008.11.05"]
[SourceQuality "1"]

1. c4 Nf6 2. g3 e6 3. d4 c5 4. Nf3 b6 5. Bg2 Bb7 6. 0-0 d5 7. Nc3 Nc6 8. cxd5 Nxd5 9. e4 Nf6 10. d5 Nb4 11. a3 Nbxd5 12. exd5 Nxd5 13. Nxd5 Qxd5 14. Qe2 Qe4 15. Be3 0-0-0 16. b4 cxb4 17. Nh4 Qd3 18. Rac1+ Bc5 19. Qxd3 Rxd3 20. axb4 Bxg2 21. Nxg2 Kb8 22. bxc5 b5 23. Rb1 a6 24. Rfc1 Kc7 25. Nf4 Ra3 26. Bd4 Rg8 27. c6 1-0

[Event "Commonwealth-ch"]
[Site "Nagpur"]
[Date "2008.10.02"]
[Round "6"]
[White "Eshwanth Dev, Kumar J"]
[Black "Preethi, Rajkumar"]
[Result "1/2-1/2"]
[WhiteElo "1826"]
[BlackElo "2183"]
[PlyCount "74"]
[EventDate "2008.09.28"]
[EventType "swiss"]
[EventRounds "11"]
[EventCountry "IND"]
[SourceTitle "CBM 126 Extra"]
[Source "ChessBase"]
[SourceDate "2008.11.05"]
[SourceVersion "1"]
[SourceVersionDate "2008.11.05"]
[SourceQuality "1"]

1. e4 c5 2. Nf3 Nc6 3. d4 cxd4 4. Nxd4 Nf6 5. Nc3 e5 6. Ndb5 d5 7. Nxd5 Nxd5 8. exd5 Nb8 9. c4 a6 10. Nc3 Be7 11. Be3 0-0 12. f3 f5 13. Bd3 Bg5 14. Bf2 Nd7 15. 0-0 Rb8 16. b4 b6 17. Qc2 Qf6 18. Rab1 Bh4 19. g3 Qg6 20. Kh1 Be7 21. a4 Bb7 22. Rg1 Qh5 23. Kg2 Rbc8 24. Qa2 Kh8 25. h3 Qf7 26. Qe2 Rce8 27. Rbf1 Bd8 28. Bb1 Bc8 29. Ba2 Qg6 30. Kh2 Qf6 31. Qc2 Qh6 32. Kg2 Bg5 33. Re1 Bd8 34. Rh1 Qg6 35. Rhg1 Qh5 36. Rh1 Qg6 37. Rhg1 Qh5 1/2-1/2

[Event "Commonwealth-ch"]
[Site "Nagpur"]
[Date "2008.09.30"]
[Round "3"]
[White "Jain, Mahesh Kumar"]
[Black "Eshwanth Dev, Kumar J"]
[Result "0-1"]
[WhiteElo "2011"]
[BlackElo "1826"]
[PlyCount "106"]
[EventDate "2008.09.28"]
[EventType "swiss"]
[EventRounds "11"]
[EventCountry "IND"]
[SourceTitle "CBM 126 Extra"]
[Source "ChessBase"]
[SourceDate "2008.11.05"]
[SourceVersion "1"]
[SourceVersionDate "2008.11.05"]
[SourceQuality "1"]

1. d4 c5 2. Nf3 Nf6 3. e3 a6 4. Be2 e6 5. c3 Be7 6. 0-0 Nc6 7. Nbd2 cxd4 8. exd4 d6 9. Re1 0-0 10. Qc2 b5 11. a3 Bb7 12. Bd3 Rc8 13. Qb1 Na5 14. Ng5 h6 15. Nge4 Nxe4 16. Bxe4 d5 17. Bc2 Qc7 18. Nf3 Nc4 19. Ne5 Nxe5 20. Rxe5 Bf6 21. Rh5 Rfe8 22. Bh7+ Kf8 23. Qd3 Qc4 24. Bf4 Qxd3 25. Bd6+ Be7 26. Bxe7+ Rxe7 27. Bxd3 Bc6 28. f4 Be8 29. Rh3 Rb7 30. Re3 a5 31. h3 Rb6 32. Rae1 b4 33. axb4 axb4 34. Rc1 bxc3 35. bxc3 Rb4 36. Kf2 Rxd4 37. cxd4 Rxc1 38. Re1 Rc3 39. Rd1 Rb3 40. Rd2 Bb5 41. Bxb5 Rxb5 42. Ke3 Rb3+ 43. Rd3 Rb1 44. Ra3 Ke7 45. Ra7+ Kf6 46. Ra3 Rb2 47. g3 g5 48. Rd3 Rh2 49. fxg5+ hxg5 50. Kf3 Rxh3 51. Kg4 Rh1 52. Rf3+ Kg6 53. Re3 Rd1 0-1

[Event "Commonwealth-ch"]
[Site "New Delhi"]
[Date "2007.12.06"]
[Round "6"]
[White "Padmini, Rout"]
[Black "Eshwanth Dev, Kumar J"]
[Result "1-0"]
[WhiteElo "2226"]
[BlackElo "1801"]
[PlyCount "63"]
[EventDate "2007.12.03"]
[EventType "swiss"]
[EventRounds "10"]
[EventCountry "IND"]
[SourceTitle "CBM 121 Extra"]
[Source "ChessBase"]
[SourceDate "2008.01.10"]
[SourceVersion "1"]
[SourceVersionDate "2008.01.10"]
[SourceQuality "1"]

1. e4 c5 2. Nf3 d6 3. d4 cxd4 4. Nxd4 Nf6 5. Nc3 a6 6. Bg5 e6 7. f4 Be7 8. Qf3 0-0 9. 0-0-0 Qc7 10. Bd3 h6 11. Bh4 Nc6 12. Nxc6 bxc6 13. g4 Nh7 14. Bxe7 Qxe7 15. h4 g6 16. g5 h5 17. f5 e5 18. Bc4 Kh8 19. Rhf1 d5 20. exd5 Bxf5 21. d6 Qd7 22. Qe3 Rae8 23. Na4 Bg4 24. Nc5 Qa7 25. d7 Rd8 26. Qxe5+ Kg8 27. Rd6 Be6 28. Rxe6 fxe6 29. Bxe6+ Rf7 30. Bxf7+ Kf8 31. Bc4+ Nf6 32. Qxf6# 1-0